000 00526nam a2200217Ia 4500
003 OSt
005 20220928142140.0
006 a|||||r|||| 00| 0
007 ta
008 220927b |||||||| |||| 00| 0 eng d
024 _a18525
037 _cTextual
040 _aSDCL
_cSDCL
_beng
041 _2eng
_aeng
082 _aP15,C3:75, H8
100 _aBhatt Kedara
_9502806
245 0 _aVrittaratnakara.
260 _c1948
942 _hP15,C3:75, H8
_cTEXL
_2CC
999 _c820758
_d820758